Statistics for Svenska kommuner

Click here to take the quiz!

General Stats

  • This quiz has been taken 108 times
  • The average score is 80 of 290

Answer Stats

Answer% Correct
Malmö
93%
Stockholm
90%
Göteborg
83%
Kiruna
83%
Linköping
83%
Örebro
83%
Umeå
83%
Luleå
80%
Jönköping
75%
Norrköping
73%
Uppsala
73%
Västerås
70%
Kalmar
68%
Karlstad
68%
Växjö
68%
Åre
65%
Gotland
65%
Helsingborg
65%
Lund
65%
Östersund
63%
Sundsvall
63%
Trollhättan
63%
Kristianstad
60%
Mora
60%
Piteå
60%
Skellefteå
60%
Borås
58%
Halmstad
58%
Kungsbacka
58%
Ystad
58%
Eskilstuna
55%
Gävle
55%
Karlskrona
55%
Köping
55%
Trelleborg
55%
Falun
50%
Skövde
50%
Södertälje
50%
Uddevalla
50%
Borlänge
48%
Motala
48%
Varberg
48%
Åmål
45%
Lidköping
45%
Oskarshamn
45%
Ale
43%
Ånge
43%
Haparanda
43%
Karlshamn
43%
Lidingö
43%
Mariestad
43%
Mjölby
43%
Mölndal
43%
Örnsköldsvik
43%
Solna
43%
Alingsås
40%
Eslöv
40%
Falkenberg
40%
Landskrona
40%
Norrtälje
40%
Strömstad
40%
Västervik
40%
Arboga
38%
Båstad
38%
Boden
38%
Enköping
38%
Karlskoga
38%
Nacka
38%
Nybro
38%
Ronneby
38%
Söderköping
38%
Sölvesborg
38%
Staffanstorp
38%
Höör
35%
Kalix
35%
Lomma
35%
Nässjö
35%
Nyköping
35%
Ängelholm
33%
Arvika
33%
Avesta
33%
Hässleholm
33%
Hjo
33%
Hudiksvall
33%
Kungälv
33%
Lysekil
33%
Partille
33%
Skara
33%
Täby
33%
Bollnäs
30%
Falköping
30%
Kumla
30%
Ludvika
30%
Orsa
30%
Orust
30%
Sollefteå
30%
Ulricehamn
30%
Vänersborg
30%
Danderyd
28%
Gällivare
28%
Härnösand
28%
Huddinge
28%
Jokkmokk
28%
Katrineholm
28%
Kristinehamn
28%
Lerum
28%
Nora
28%
Rättvik
28%
Sandviken
28%
Sollentuna
28%
Tanum
28%
Timrå
28%
Tjörn
28%
Vadstena
28%
Vara
28%
Vetlanda
28%
Vimmerby
28%
Arvidsjaur
25%
Borgholm
25%
Bromölla
25%
Dorotea
25%
Eksjö
25%
Hallsberg
25%
Haninge
25%
Karlsborg
25%
Munkedal
25%
Örkelljunga
25%
Sala
25%
Sigtuna
25%
Simrishamn
25%
Stenungsund
25%
Sunne
25%
Tyresö
25%
Värmdö
25%
Vilhelmina
25%
Alvesta
23%
Arjeplog
23%
Berg
23%
Degerfors
23%
Filipstad
23%
Flen
23%
Grums
23%
Kramfors
23%
Laholm
23%
Malå
23%
Mellerud
23%
Nynäshamn
23%
Sjöbo
23%
Söderhamn
23%
Tomelilla
23%
Vallentuna
23%
Vårgårda
23%
Värnamo
23%
Vellinge
23%
Askersund
20%
Bengtsfors
20%
Fagersta
20%
Håbo
20%
Habo
20%
Knivsta
20%
Lindesberg
20%
Mark
20%
Mullsjö
20%
Österåker
20%
Pajala
20%
Storuman
20%
Strängnäs
20%
Trosa
20%
Vännäs
20%
Älmhult
18%
Årjäng
18%
Åtvidaberg
18%
Botkyrka
18%
Burlöv
18%
Götene
18%
Grästorp
18%
Hallstahammar
18%
Hedemora
18%
Hörby
18%
Kil
18%
Klippan
18%
Leksand
18%
Lilla Edet
18%
Malung Sälen
18%
Mönsterås
18%
Perstorp
18%
Säffle
18%
Svedala
18%
Tibro
18%
Torsby
18%
Tranås
18%
Vaxholm
18%
Älvsbyn
15%
Finspång
15%
Gnosjö
15%
Höganäs
15%
Hultsfred
15%
Kävlinge
15%
Krokom
15%
Ljungby
15%
Lycksele
15%
Mörbylånga
15%
Nykvarn
15%
Öckerö
15%
Överkalix
15%
Sorsele
15%
Strömsund
15%
Tidaholm
15%
Tingsryd
15%
Upplands Väsby
15%
Älvdalen
13%
Åstorp
13%
Bräcke
13%
Eda
13%
Ekerö
13%
Emmaboda
13%
Essunga
13%
Färgelanda
13%
Gislaved
13%
Gnesta
13%
Gullspång
13%
Hagfors
13%
Härjedalen
13%
Härryda
13%
Hofors
13%
Hylte
13%
Järfälla
13%
Kungsör
13%
Laxå
13%
Markaryd
13%
Norsjö
13%
Ödeshög
13%
Osby
13%
Östhammar
13%
Östra Göinge
13%
Salem
13%
Sävsjö
13%
Skurup
13%
Sotenäs
13%
Sundbyberg
13%
Tierp
13%
Upplands-Bro
13%
Uppvidinge
13%
Valdemarsvik
13%
Vansbro
13%
Ydre
13%
Älvkarleby
10%
Aneby
10%
Åsele
10%
Bjurholm
10%
Bjuv
10%
Bollebygd
10%
Boxholm
10%
Dals-Ed
10%
Forshaga
10%
Gagnef
10%
Hammarö
10%
Heby
10%
Högsby
10%
Kinda
10%
Lessebo
10%
Ljusdal
10%
Ljusnarsberg
10%
Munkfors
10%
Nordanstig
10%
Ockelbo
10%
Olofström
10%
Oxelösund
10%
Ragunda
10%
Robertsfors
10%
Säter
10%
Surahammar
10%
Svalöv
10%
Svenljunga
10%
Töreboda
10%
Torsås
10%
Vaggeryd
10%
Vindeln
10%
Vingåker
10%
Norberg
8%
Ovanåker
8%
Skinnskatteberg
8%
Smedjebacken
8%
Storfors
8%
Tranemo
8%
Hällefors
5%
Lekeberg
5%
Herrljuga
3%
Normaling
3%

Score Distribution

Percentile by Number Answered

Percent of People with Each Score

Your Score History

You have not taken this quiz